Демократия в разделенных обществах; Расы и народы. Современные этнические и расовые проблемы

Detaylı Bibliyografya
Parent link:Расы и народы. Современные этнические и расовые проблемы.— 1998.— с. 218-240
Yazar: Горовиц Дональд Л.
Dil:Rusça
Baskı/Yayın Bilgisi: 1998
Materyal Türü: MixedMaterials Kitap Bölümü
KOHA link:https://koha.lib.tpu.ru/cgi-bin/koha/opac-detail.pl?biblionumber=242654

MARC

LEADER 00000naa2a2200000 4500
001 242654
005 20231031210242.0
035 |a (RuTPU)RU\TPU\book\263971 
035 |a RU\TPU\book\263970 
090 |a 242654 
100 |a 20130906d1998 k y0rusy50 ca 
101 0 |a rus 
102 |a RU 
200 1 |a Демократия в разделенных обществах  |f Дональд Л. Горовиц 
463 0 |0 (RuTPU)RU\TPU\book\7496  |y 5020097535  |t Расы и народы. Современные этнические и расовые проблемы  |o ежегодник  |h Вып. 24  |v с. 218-240  |d 1998  |p 311 с. 
700 1 |a Горовиц  |b Дональд Л. 
801 1 |a RU  |b 63413507  |c 20130906 
801 2 |a RU  |b 63413507  |c 20130906  |g RCR 
942 |c BK